000 00635nam a2200241Ia 4500
003 OSt
005 20221005051054.0
006 a|||||r|||| 00| 0
007 ta
008 221004b |||||||| |||| 00| 0 eng d
024 _a25454
037 _cTextual
040 _aCRL
_cCRL
_beng
041 _2eng
_aeng
082 _aX:5:304:L7, G3
100 _aFoster William
_987225
245 0 _aEngland's quest of eastern trade
260 _aLondon
_bA & C Black Ltd Gt. Brit.
_c1933
300 _a354p.
_ccm.
650 _aECONOMICS
942 _hX:5:304:L7, G3
_cTEXL
_2cc
999 _c958225
_d958225